Länder mit dem höchsten Alkoholkonsum - Statistiken

Allgemein
  • Dieses Quiz wurde 530 mal gespielt
  • Das Durchschnittsergebnis liegt bei 7 aus 15
Antwortstatistiken
Liter/Kopf Land % Korrekt
12,9 Deutschland
98%
12,3 Frankreich
79%
14,4 Tschechien
77%
12 Österreich
75%
12,7 Spanien
75%
12,9 Irland
63%
12 Portugal
55%
12,7 Bulgarien
44%
11,9 Slowenien
43%
12,8 Lettland
42%
13,2 Litauen
42%
12,9 Luxemburg
35%
20,5 Seychellen
9%
15,1 Uganda
2%
12 Burkina Faso
1%
Keine übereinstimmenden Quizze gefunden
Verteilung der Resultate
Anzahl Personen mit jedem Resultat
Perzentil nach korrekt beantworteten Fragen
Ihre Resultats-Entwicklung
Sie haben dieses Quiz noch nicht gespielt